| 000 | 00952nam a2200289Ia 4500 | ||
|---|---|---|---|
| 003 | OSt | ||
| 005 | 20221005062743.0 | ||
| 006 | a|||||r|||| 00| 0 | ||
| 007 | ta | ||
| 008 | 221004b |||||||| |||| 00| 0 eng d | ||
| 020 |
_a9780857421883 (hbk) _c750 |
||
| 024 | _a22338 | ||
| 037 |
_b1014871, 27/03/2015, Atlantic Publisher & Dist. Pvt Ltd. _cTextual |
||
| 040 |
_aCRL _cCRL _beng |
||
| 041 |
_2eng _aeng |
||
| 082 | _aO123,6M99w, 111Q4.1 | ||
| 100 | _aBorges Jorge Luis | ||
| 245 | 0 | _aConversations Vol.1. | |
| 260 |
_aLondon _bSeagull Books UK _c2014 |
||
| 300 |
_axiv, 337p. _ccm. |
||
| 490 | _vVol. 1 | ||
| 650 |
_aSPANISH LITERATURE _937272 |
||
| 700 |
_a Ferrari Osvaldo _9602208 |
||
| 700 |
_a Wilson Jason Tr. _9602209 |
||
| 942 |
_hO123,6M99w, 111Q4.1 _cTEXL _2cc |
||
| 999 |
_c970212 _d970212 |
||